000 00259 a2200097 4500
001 14856
100 _aMasson C
245 _aNarrative of various journeys in baluchistan Afghanistan Punjab
260 _aKarachi
_bOxford Univ press
_c
090 _c11626
_d11626
942 _aNUST-CAE
_cM
_c1810
999 _c249929
_d249929